Villes traversées par l'autoroute A41 - l'alpine - Statistiques

Statistiques générales
  • Ce quiz a été pris 28 fois
  • Le résultat moyen est 5 sur 7
Statistiques - réponses
ville population kilomètre % Correct
Grenoble 157 477 0
100%
Annecy 134 902 98
96%
Chambéry 59 856 52
87%
Aix-les-Bains 32 937 70
78%
Saint-Julien-en-Genevois (Suisse) 16 810 131
65%
Rumilly 16 581 86
52%
Saint-Martin-d'Hères 38 454 1
52%
Aucun quiz correspondant
Distribution des résultats
% des personnes avec chaque résultat
Percentile par nombre de réponses
Votre historique - résultats
Vous n’avez pas pris ce quiz